Sports Quiz

Random Sports or Football Quiz
Score 0/66 Timer 16:00
0 Plays Today
Year Player % Correct
1998E. G. Green
80%
2010Tim Tebow
80%
1982Dan Marino
72%
1984Bo Jackson
72%
2013Teddy Bridgewater
70.6%
1968Glenn Smith
68%
1970Archie Manning
68%
1889Sammie Smith
68%
2003Musa Smith
68%
1981Herschel Walker
64%
1995Warrick Dunn
64%
1997Danny Wuerffel
64%
2007JaMarcus Russell
64%
2009Brian Johnson
64%
2011*Terrelle Pryor
64%
2001Ken Dorsey
60%
2005Jason Campbell
60%
1992Jerome Bettis
56%
2000Peter Warrick
56%
2006Steve Slaton
56%
1958Raymond Brown
52%
1967Ken Stabler
52%
1964Tim Davis
48%
1975Tony Davis
48%
1983Todd Blackledge
48%
1954Pepper Rodgers
44%
1959Billy Cannon
40%
1988Don McPherson
40%
1999David Boston
40%
1966Steve Spurrier
36%
1994Errict Rhett
36%
2002Rohan Davey
36%
1987Steve Taylor
32%
Year Player % Correct
1973Tinker Owens
28%
1972Jack Mildren
24%
1976Richard Todd
24%
1990Craig Erickson
24%
1991Andy Kelly
24%
1993Derrick Lassic
24%
1948Bobby Layne
20%
1963Glynn Griffin
20%
1971Bobby Scott
20%
1977Matt Cavanaugh
20%
2004Justin Vincent
20%
1974Tom Clements
16%
1979Barry Krauss
16%
1980Major Ogilvie
16%
2008Marcus Howard
16%
1956Franklin Brooks
12%
1960Bobby Franklin
12%
1961Jake Gibbs
12%
1962Mike Fracchia
12%
1969Chuck Dicus
12%
1978Jeff Rutledge
12%
1986Daryl Dickey
12%
1957Del Shofner
8%
1985Craig Sundberg
8%
2012Junior Hemingway
8%
1949Jack Mitchell
4%
1950Leon Heath
4%
1951Walt Yowarsky
4%
1952Ed Modzelewski
4%
1953Leon Hardemann
4%
1955Joe Gattuso
4%
1965Doug Moreau
4%
1996Bryan Still
4%

You're not logged in!

Compare scores with friends on all Sporcle quizzes.
OR
Log In

Sporcle TV

Today on Sporcle TV


Watch our educational content, quiz creation guides, and fun videos on Sporcle TV.

Show Comments

Extras

Top Quizzes Today


Score Distribution

Paid Content

Your Account Isn't Verified!

In order to create a playlist on Sporcle, you need to verify the email address you used during registration. Go to your Sporcle Settings to finish the process.

Report this User

Report this user for behavior that violates our Community Guidelines.

Details: